00466nam a2200145Ia 4500008004100000020001500041082002000056100004500076245006500121260003400186300001800220500002400238504002600262650003200288120622s9999 xx 000 0 und d a9682429765 a070.4023bG589e aGonzález Longoria, Silvia Lidiaeautor aEl ejercicio del periodismoc/ Silvia L. González Longoria aMéxicob : Trillasb ; UDEM a103 páginas aIncluye: Índices aBibliografía (pp. )14aPERIODISMO COMO PROFESIÓN